Logical positivism / (Record no. 131239)
[ view plain ]
| 000 -LEADER | |
|---|---|
| fixed length control field | 00993cam a2200277 i 4500 |
| 001 - CONTROL NUMBER | |
| control field | 2263423 |
| 003 - CONTROL NUMBER IDENTIFIER | |
| control field | ARRUPE |
| 005 - DATE AND TIME OF LATEST TRANSACTION | |
| control field | 20220405093358.0 |
| 008 - FIXED-LENGTH DATA ELEMENTS--GENERAL INFORMATION | |
| fixed length control field | 780328r1978 ctu b 001 0 eng |
| 010 ## - LIBRARY OF CONGRESS CONTROL NUMBER | |
| LC control number | 78006321 |
| 020 ## - INTERNATIONAL STANDARD BOOK NUMBER | |
| International Standard Book Number | 0313204624 |
| 040 ## - CATALOGING SOURCE | |
| Original cataloging agency | DLC |
| Transcribing agency | DLC |
| Modifying agency | DLC |
| 050 10 - LIBRARY OF CONGRESS CALL NUMBER | |
| Classification number | B824.6 |
| Item number | .A9 1978 |
| 082 00 - DEWEY DECIMAL CLASSIFICATION NUMBER | |
| Classification number | 146/.4 |
| 300 ## - PHYSICAL DESCRIPTION | |
| Dimensions | 22 cm. |
| 100 1# - MAIN ENTRY--PERSONAL NAME | |
| Personal name | Ayer, A. J. |
| Fuller form of name | (Alfred Jules), |
| Dates associated with a name | 1910-1989, |
| Relator term | ed. |
| 9 (RLIN) | 9820 |
| 245 00 - TITLE STATEMENT | |
| Title | Logical positivism / |
| Statement of responsibility, etc | edited by A. J. Ayer. |
| 260 ## - PUBLICATION, DISTRIBUTION, ETC. (IMPRINT) | |
| Place of publication, distribution, etc | Westport, Conn. : |
| Name of publisher, distributor, etc | The Free Press, |
| Date of publication, distribution, etc | 1978, c1959. |
| 300 ## - PHYSICAL DESCRIPTION | |
| Extent | viii, 455 p. ; |
| 500 ## - GENERAL NOTE | |
| General note | Reprint of the ed. published by Free Press, New York, in series: The Library of philosophical movements. |
| 500 ## - GENERAL NOTE | |
| General note | Includes index. |
| 504 ## - BIBLIOGRAPHY, ETC. NOTE | |
| Bibliography, etc | Bibliography: p. 381-446. |
| 650 #0 - SUBJECT ADDED ENTRY--TOPICAL TERM | |
| Topical term or geographic name as entry element | Logical positivism. |
| 9 (RLIN) | 5718 |
| 856 42 - ELECTRONIC LOCATION AND ACCESS | |
| Materials specified | Contributor biographical information |
| Uniform Resource Identifier | <a href="http://www.loc.gov/catdir/enhancements/fy1511/78006321-b.html">http://www.loc.gov/catdir/enhancements/fy1511/78006321-b.html</a> |
| 906 ## - LOCAL DATA ELEMENT F, LDF (RLIN) | |
| a | 7 |
| b | cbc |
| c | orignew |
| d | 1 |
| e | ocip |
| f | 19 |
| g | y-gencatlg |
| 942 ## - ADDED ENTRY ELEMENTS (KOHA) | |
| Source of classification or shelving scheme | Library of Congress Classification |
| Koha item type | Monograph ( Printed materials) |
| Withdrawn status | Lost status | Source of classification or shelving scheme | Damaged status | Not for loan | Collection code | Home library | Current library | Shelving location | Date acquired | Total Checkouts | Full call number | Barcode | Date last seen | Price effective from | Koha item type |
|---|---|---|---|---|---|---|---|---|---|---|---|---|---|---|---|
| Library of Congress Classification | Main Collection | ARRUPE LIBRARY | ARRUPE LIBRARY | Main Collection | 05/04/2022 | B824.6 .A9 1978 | 46600009265 | 05/04/2022 | 05/04/2022 | Monograph ( Printed materials) |